Authors of Time's Greatest Novels Quiz Stats

 Plays Quiz Updated Apr 18, 2019

Score 0/100 Timer 13:00
0 Plays Today
Novel Author % Correct
Animal FarmGeorge Orwell
87.3%
Nineteen Eighty-FourGeorge Orwell
87.3%
The Great GatsbyF. Scott Fitzgerald
75.3%
The Grapes of WrathJohn Steinbeck
74.7%
The Lord of the RingsJ.R.R. Tolkien
73.4%
The Catcher in the RyeJ.D. Salinger
72%
The Lion, the Witch and the WardrobeC.S. Lewis
71.3%
To Kill a MockingbirdHarper Lee
67.8%
The Sun Also RisesErnest Hemingway
62.2%
Slaughterhouse-FiveKurt Vonnegut
61.4%
Catch-22Joseph Heller
54.5%
Light in AugustWilliam Faulkner
51.8%
The Sound and the FuryWilliam Faulkner
51.8%
Lord of the FliesWilliam Golding
49.9%
BelovedToni Morrison
49.7%
On the RoadJack Kerouac
47.5%
Gone With the WindMargaret Mitchell
47.3%
LolitaVladimir Nabokov
45.9%
Pale FireVladimir Nabokov
45.9%
Mrs. DallowayVirginia Woolf
44.6%
To the LighthouseVirginia Woolf
44.6%
Are You There God? It's Me, MargaretJudy Blume
42.8%
One Flew Over the Cuckoo's NestKen Kesey
35.6%
A Clockwork OrangeAnthony Burgess
35.2%
Invisible ManRalph Ellison
34.6%
Rabbit, RunJohn Updike
34.6%
White TeethZadie Smith
32.9%
A Passage to IndiaE.M. Forster
31.7%
Brideshead RevisitedEvelyn Waugh
30.7%
A Handful of DustEvelyn Waugh
30.7%
AtonementIan McEwan
30.6%
Midnight's ChildrenSalman Rushdie
30.2%
American PastoralPhilip Roth
30%
Portnoy's ComplaintPhilip Roth
30%
Novel Author % Correct
Their Eyes Were Watching GodZora Neale Hurston
29.1%
Call It SleepHenry Roth
28.3%
Things Fall ApartChinua Achebe
28.2%
Tropic of CancerHenry Miller
28.1%
The Crying of Lot 49Thomas Pynchon
26%
Gravity's RainbowThomas Pynchon
26%
UbikPhilip K. Dick
24.8%
The Spy Who Came in From the ColdJohn le Carre
24.1%
The Big SleepRaymond Chandler
23.9%
Blood MeridianCormac McCarthy
23.9%
The Blind AssassinMargaret Atwood
23.7%
Naked LunchWilliam Burroughs
23.6%
The Adventures of Augie MarchSaul Bellow
23.2%
HerzogSaul Bellow
23.2%
Native SonRichard Wright
21.7%
All the King's MenRobert Penn Warren
20.8%
The Heart is a Lonely HunterCarson McCullers
19.5%
An American TragedyTheodore Dreiser
19.3%
Go Tell it on the MountainJames Baldwin
19.1%
Infinite JestDavid Foster Wallace
18.1%
RagtimeE.L. Doctorow
18%
LovingHenry Green
17.5%
I, ClaudiusRobert Graves
17.4%
The Heart of the MatterGraham Greene
17.4%
The Power and the GloryGraham Greene
17.4%
Death Comes for the ArchbishopWilla Cather
16.7%
The CorrectionsJonathan Franzen
16%
Lucky JimKingsley Amis
15.8%
MoneyMartin Amis
15.5%
Wide Sargasso SeaJean Rhys
15.4%
WatchmenAlan Moore and Dave Gibbons
15.3%
White NoiseDon DeLillo
14.1%
The Prime of Miss Jean BrodieMuriel Spark
13%
The French Lieutenant's WomanJohn Fowles
12.4%
Novel Author % Correct
Never Let Me GoKazuo Ishiguro
12.3%
PossessionA.S. Byatt
12.2%
The Bridge of San Luis ReyThornton Wilder
11.9%
The Golden NotebookDoris Lessing
11.8%
NeuromancerWilliam Gibson
11.5%
DeliveranceJames Dickey
11%
Red HarvestDashiell Hammett
10.9%
The Confessions of Nat TurnerWilliam Styron
10.6%
The Berlin StoriesChristopher Isherwood
10%
A Death in the FamilyJames Agee
10%
The Day of the LocustNathanael West
9.6%
A House for Mr. BiswasV.S. Naipaul
9.4%
Revolutionary RoadRichard Yates
9.4%
Appointment in SamarraJohn O'Hara
8.8%
Under the VolcanoMalcolm Lowry
8.3%
The SportswriterRichard Ford
8.2%
HousekeepingMarilynne Robinson
7.9%
At Swim-Two-BirdsFlann O'Brien
7.8%
Snow CrashNeal Stephenson
7.6%
FalconerJohn Cheever
7.6%
The MoviegoerWalker Percy
7.6%
The AssistantBernard Malamud
7.3%
Play it As it LaysJoan Didion
7.1%
The Sheltering SkyPaul Bowles
6.9%
A Dance to the Music of TimeAnthony Powell
6.5%
The Painted BirdJerzy Kosinski
6%
The Sot-Weed FactorJohn Barth
5.7%
Under the NetIris Murdoch
5.7%
Dog SoldiersRobert Stone
4.5%
The Death of the HeartElizabeth Bowen
4%
The Man Who Loved ChildrenChristina Stead
3.8%
The RecognitionsWilliam Gaddis
3.8%

You're not logged in!

Compare scores with friends on all Sporcle quizzes.
OR
Log In

Sporcle TV

Today on Sporcle TV


Watch our educational content, quiz creation guides, and fun videos on Sporcle TV.

Show Comments

Extras

Top Quizzes Today


Score Distribution

Your Account Isn't Verified!

In order to create a playlist on Sporcle, you need to verify the email address you used during registration. Go to your Sporcle Settings to finish the process.

Report this User

Report this user for behavior that violates our Community Guidelines.

Details: